000 00392nam a2200157Ia 4500
100 _aSrivastava/U.K/ Shenoy/G.V
650 _aquantitative techniques
942 _cBK
366 _f23
245 _aQuantitative techniques for Managerial Decisions
260 _bNew Age Interational Ltd.
_c2011
082 _a658.403
_bSRI
300 _a934
546 _aENGLISH
_cInfo.Tech
999 _c24948
_d24948